00945nam a22002417a 450000500170000001000150001702000270003203500140005903700090007308200150008210000270009724501050012425000060022926000420023527001070027730000330038470000380041770000330045570000330048894200290052199900190055095201340056920240708162351.0 aENG-140836 a9789390531882c1109.00 aEN-124368 bDBAD 21a004.068 aEdgeworth, Brad968248 aCCNP and CCIE Data Enterprise Core:bENCOR 350-401 Official Cert Guide/cBy Brad Edgeworth...[et.al] a1 aNoida bPearson India Educationc2022 a15th floor, Tower- B, World Trade Tower, plot No.1, Block -C, Sector-16, Noida,bUttar Pradeshe201301 axliv,973p.c23cm(pbk)bIndex aRios, Ramiro GarzaeAuthor968249 aHucaby, DavideAuthor968250 aGooley, JasoneAuthor968251 2ddccENh004.068mEDGe1 c204030d204030 001040708NFICaNPLbNPLd2024-07-08eDBADg1109.00l0o004.068 EDGpEN-124368r2024-07-08 00:00:00t1v1109.00w2024-07-08yEN